000 00500nam a2200193Ia 4500
005 20260429112154.0
008 260429s9999||||xx |||||||||||||| ||und||
020 _a9781647289515
041 _aEnglish
082 _a658.15
_bCOL
100 _aCollins, Jake
245 0 _aFundamentals of financial management /
_cJake Collins
250 _a1st ed.
260 _aNew York :
_bWillford Press,
_c2025.
300 _aviii, 233 p.; pbk
650 _a Finance
650 _aManagement
942 _cTB
999 _c52717
_d52717